000 00661nam a2200205 a 4500
003 SISC
005 20170118155645.0
008 020820s19uu xx 00 eng d
020 _a9781259251078
050 _aHD 30.22
_b.M39 2016
100 _aThomas, Christopher R.
245 _aManagerial economics :
_cChristopher R. Thomas, S. Charles Maurice.
_bfoundations of business analysis and strategy /
250 _a12th edition.
260 _aSingapore :
_bMcGraw-Hill Education,
_c2016.
300 _axxii, 714 pages :
_billustrations ;
_c23 cm.
500 _aIncludes index.
650 _aManagerial economics
942 _cBK
_2lcc
_kFOR
999 _c305185
_d305185